000 00649nam a22002057a 4500
003 OSt
005 20260306031659.0
008 260306b |||||||| |||| 00| 0 eng d
020 _a978-621-418-421-7
040 _aDWCL-Main lib
_cOC
082 _aFil. 337 M252c 2025
100 _aMallari, Jan Phiilip
245 _aContemporary world
_cJan Phiilip Mallari
260 _aQuezon City, Philippines:
_bWiseman's Book Trading, Inc.,
_cc2025.
300 _av, 167 pages:
_billustrations;
_c23 cm.
504 _aIncludes bibliographical references.
650 _a1. Globalization.
650 _a2. Social change.
942 _2ddc
_cBK - FIL
_kFil.
_n0
999 _c8673
_d8673